Vendredi (mort subite) - Statistiques

Statistiques générales
  • Ce quiz a été pris 122 fois
  • Le résultat moyen est 7 sur 8
Answers on the Grid
Answers color-coded by a green-red scale on the quiz's grid according to % correct below.
G-rniture
Larm-yant
Pou-chasse
J-nction
-difice
D-plomate
Dén-ncer
Po-deuse
Fr-ttement
Par-onner
H-rticulture
Prés-nt
C-emisier
Pé-icure
Rip-ste
Pré-oyant
 
Statistiques - réponses
Réponse % Correct
D-plomate
95%
-difice
94%
Pou-chasse
92%
Prés-nt
92%
Par-onner
91%
Po-deuse
86%
Pré-oyant
86%
Pé-icure
83%
Aucun quiz correspondant
Distribution des résultats
% des personnes avec chaque résultat
Percentile par nombre de réponses
Votre historique - résultats
Vous n’avez pas pris ce quiz